000 00596nam a2200205 a 4500
001 3895
005 20140414131931.0
008 970101s19uu xx 00 eng d
020 _a0-8094-7325-9
050 _aREF 700
_bC54 1994
245 _aMusic and art /
_ceditor C. E. Berry.
260 _aHong Kong :
_bTime-Life Books,
_c1994.
300 _a87 p. ; cm.
440 _aA Child's first library of learning
650 _aMusical instruments.
650 _aArt
_xJuvenile literature.
650 _aMusic
_xAcoustics and physics
_xJuvenile literature.
999 _c112225
_d112225